000 005270000a22002050004500
003 LK-CoMWRAF
005 20240103114323.0
008 230817t1965 ||||| |||| 00| 0 eng d
020 _a0140442618
040 _aLK-CoMWRAF
_dLK-CoMWRAF
_eLK-CoMWRAF
041 _aeng
082 _a822
_bPLA
245 _aPlato :
_bTimaeus and Critias
260 _aU.S.A.
_bPenguin Books
_c1965
300 _a167p
650 _a Classical texts
650 _aCosmology, Ancient; Atlantis
700 _aLee, Desmond
_etrans.
942 _cBK
999 _c2420
_d2420